| 000 | 00373nam a2200133Ia 4500 | ||
|---|---|---|---|
| 008 | 191014s9999 xx 000 0 und d | ||
| 020 | _a0-1254560502-2 | ||
| 082 |
_a512.5 _bHIL |
||
| 100 |
_aBernard Kolman, David R. Hill _923739 |
||
| 245 | 0 | _aIntroductory Linear Algebra 8th Edition | |
| 260 |
_aPakistan _bNational Books Fundation |
||
| 300 | _aXvii,648 | ||
| 942 | _cBK | ||
| 999 |
_c531236 _d531236 |
||